| 000 | 00611nam a22001817a 4500 | ||
|---|---|---|---|
| 005 | 20231123102241.0 | ||
| 008 | 231123b |||||||| |||| 00| 0 eng d | ||
| 020 | _a0702123161 | ||
| 041 | _aEnglish | ||
| 082 | _a342 BOU | ||
| 100 |
_aBoulle, L ; Harris, B and Hoexter, C _lEnglish |
||
| 245 |
_aConstitutional and Administrative Law : _bBasic Principles / _cL Boulle, B Harris and C Hoexter |
||
| 250 | _aFirst Edition | ||
| 260 |
_aCape Town : _bJuta and Company Ltd, _c1989 |
||
| 300 |
_bxx, 383 pages ; _c25,5 cm. |
||
| 650 |
_aLegal practice _bLaw |
||
| 942 |
_cBK _6ALISON_BN_VRIES |
||
| 999 |
_c885 _d885 |
||